Λαϊκή παράδοση και σχολείο : εκπαιδευτικό πρόγραμμα προσέγγισης των παιδιών του νηπιαγωγείου και του δημοτικού σχολείου στον παραδοσιακό πολιτισμό
Αποθηκεύτηκε σε:
| Κύριος συγγραφέας: | |
|---|---|
| Άλλοι συγγραφείς: | |
| Μορφή: | Βιβλίο |
| Γλώσσα: | Greek |
| Δημοσίευση: |
Αθήνα :
Ελληνικά Γράμματα,
1997
|
| Έκδοση: | 2η έκδ. |
| Θέματα: | |
| Ετικέτες: |
Προσθήκη ετικέτας
Δεν υπάρχουν, Καταχωρήστε ετικέτα πρώτοι!
|
MARC
| LEADER | 00000nam a2200000 i 4500 | ||
|---|---|---|---|
| 001 | 1/29191 | ||
| 008 | 021112s1997 gre d | ||
| 020 | |a 960-344-390-5 | ||
| 035 | |l 10068753 | ||
| 040 | |a GR-MY-UA |b gre |e aacr | ||
| 041 | 0 | |a gre | |
| 082 | 0 | |a 372.64 | |
| 100 | 1 | |a Μωραϊτη, Τζένη. | |
| 245 | 1 | 0 | |a Λαϊκή παράδοση και σχολείο : |b εκπαιδευτικό πρόγραμμα προσέγγισης των παιδιών του νηπιαγωγείου και του δημοτικού σχολείου στον παραδοσιακό πολιτισμό / |c Τζένη Μωραϊτη ; ζωγραφιές Τατιάνα Ραϊση-Βολανάκη |
| 250 | |a 2η έκδ. | ||
| 260 | |a Αθήνα : |b Ελληνικά Γράμματα, |c 1997 | ||
| 300 | |a 211 σ. | ||
| 650 | 0 | 0 | |a Folk literature |x Study and teaching (Elementary) |
| 700 | 1 | |a Βολανάκη, Τατιάνα. |4 ill | |
| 852 | |a INST |b RHODES |e 20021112 |h 372.64 ΜΩΡ |p 005400016087 |q 005400016087 |t BK |y 0 | ||
| 901 | |a BIBL4-2003-1 | ||
| 909 | |a Ρ |b 101452 | ||
| 922 | |a 4ΕΛΗ |b 200210 |c ΒΙΒΛΙΟΘΗΚΗ |d ΔΕΝΤΡΟ | ||
| 950 | |a 094-2002-10-05 | ||
| 970 | |a ΚΟΥΛΑΚΙΟΤΗ |b ΛΙΤΣΑ |z 2003/01/20 | ||